[Event "GEO-ch Blitz"]
[Site "Tbilisi"]
[Date "2023.12.06"]
[Round "1"]
[White "Kemashvili, Luka"]
[Black "Sanikidze, Tornike"]
[Result "0-1"]
[WhiteElo "1676"]
[BlackElo "2449"]
[PlyCount "54"]
[EventDate "2023.12.05"]
[EventType "swiss (blitz)"]
[EventRounds "13"]
[EventCountry "GEO"]
[SourceTitle "CB50_2023"]
[SourceDate "2023.12.13"]
[SourceVersion "1"]
[SourceVersionDate "2023.12.13"]
[SourceQuality "1"]

1. d4 d6 2. e4 c6 3. Nc3 Qc7 4. f4 e5 5. Nf3 Bg4 6. Be2 Nd7 7. 0-0 Be7 8. fxe5 dxe5 9. Nxe5 Bxe2 10. Qxe2 Nxe5 11. dxe5 Qxe5 12. Bf4 Qe6 13. e5 Nh6 14. Ne4 Nf5 15. Rae1 0-0 16. Nd6 Nh4 17. Bg3 Ng6 18. Nf5 Rfe8 19. h4 Bc5+ 20. Kh1 Ne7 21. Nd6 Bxd6 22. exd6 Nf5 23. Qxe6 Nxg3+ 24. Kg1 Rxe6 25. Rxe6 fxe6 26. Rd1 Rd8 27. d7 Kf7 0-1